| 000 | 00605ntaaa2200229 4500 | ||
|---|---|---|---|
| 003 | 01 | ||
| 005 | 20251027203205.0 | ||
| 008 | 0714s1973 ag 01 | ||
| 020 | _a9507862978 | ||
| 040 |
_aAR-BaBN _bspa _cAR-BaBN _eaacr _dRIC |
||
| 082 | _a199.82 D83u | ||
| 100 |
_aDri, Ruben _918717 |
||
| 245 | _aLa utopia que todo lo mueve | ||
| 250 | _a1 ed. | ||
| 260 |
_aBuenos Aires : _bBiblos, _c2001 |
||
| 300 |
_a213 p ; _c23 cm |
||
| 500 | _aBibliografia: p 213. Siglas: p 211 | ||
| 650 | _aFILOSOFIA | ||
| 650 |
_aHEGEL, GEORG WILHELM _933571 |
||
| 650 |
_aFILOSOFIA LATINOAMERICANA _96984 |
||
| 942 | _cBK | ||
| 999 |
_c27370 _d27370 |
||